| 000 | 00526nam a2200169 a 4500 | ||
|---|---|---|---|
| 082 |
_a567.91 _bBEN |
||
| 100 |
_aMichael Benton. _946917 |
||
| 245 | 1 |
_aDinosaurs. _bBenton.Michael . |
|
| 260 |
_aEssex : _bMiles Kelly Publishing, |
||
| 300 | _a64p. : ill. | ||
| 526 |
_a0 _b0 _c0 _d567_910000000000000_BEN |
||
| 650 | 0 |
_aDinosaurs -- Juvenile Literature. _946918 |
|
| 650 | 0 |
_aDinosaurs -- Pictorial Works -- Juvenile Literature. _946919 |
|
| 650 | 0 |
_amce _9379 |
|
| 700 |
_aGallagher, Belinda (ed.). _946920 |
||
| 942 |
_2ddc _cBK |
||
| 999 |
_c550197 _d550197 |
||